000 00720cab a2200241 4500
001 ABS40930
008 090401t1989 xxu||||| |||| 00| 0 eng d
035 _a(Sirsi) u27031
041 _aeng
100 _aWeatherhead, P.
245 _aGone fishing, bank later
260 _c1989
350 _a0
490 _aBuilding
_v254(7601) 9 June 1989, 35-37(3)
520 _aReports on the refurbishment and adaptation of Billingsgate fish market in the City of London for American investment bank Citicorp . Photos.
650 _aDEALING FLOORS
650 _aLISTED BUILDINGS
650 _aOFFICES
650 _aRICHARD ROGERS PARTNERSHIP
690 _aRefurbishment
_96264
942 _n0
948 _c04/03/1997
999 _c18208
_d18208